000 01254nam a2200337 c 4500
003 BLK
005 20180422103736.0
008 180408b bul|||||r ||||||| ||bul||
010 _aKNG00083025000
020 _a978-954-9420-79-1
_bиздат.: Персей
040 _aBLK
041 _aBUL
_cBUL
080 _aИрландска литература (на Ейре) на английски език (вж и 821.152.1)
_b821.111(417)
_x-312.4
_z821.111(417)-312.4
100 1 _aБруен, Кен
_eпърви автор
_943461
700 1 _aМинчев, Емил
_eпрев.
_9367268
139 _aБруен, Кен
_bБ 82
245 1 0 _aДраматургът
_bКриминален роман
_cКен Бруен; прев. Емил Минчев.
257 _aIRL
260 София
_bПерсей
_c2008
_fСофия : Инвестпрес
300 _a192 с.
_c20 см
380 _aX
490 1 _aРазследване на Джак Тейлър
500 _aОриг. загл. The Dramatist / Ken Bruen. - Офс. изд.
653 _aкрими
653 _aромани
852 _aЦб 239497
856 4 _qpdf
_u
856 4 _qpdf
_u
942 _cKNG
_n0
944 _aCR
_c09.04.2008
_kВаля_Йорданова
944 _aED
_c12.05.2011
_k
999 _c78559
_d78559